[Event "Silkway Cup"]
[Site "T#646345FIDE"]
[Date "2020.05.28"]
[Round "11"]
[White "NIKiler"]
[Black "Sadikhov_Ulvi"]
[Result "0-1"]
[WhiteElo "1831"]
[BlackElo "2275"]
[Annotator "NA"]
[PlyCount "160"]
[EventDate "2020.05.28"]
[EventType "swiss (blitz)"]

1. d4 {[%emt 0:00:04]} Nf6 {[%emt 0:00:01]} 2. c4 {[%emt 0:00:01]} g6 {[%emt 0:00:01]} 3. Nc3 {[%emt 0:00:05]} Bg7 {[%emt 0:00:01]} 4. g3 {[%emt 0:00:02]} d6 {[%emt 0:00:01]} 5. Bg2 {[%emt 0:00:00]} O-O {[%emt 0:00:01]} 6. Nf3 {[%emt 0:00:01]} c6 {[%emt 0:00:00]} 7. O-O {[%emt 0:00:01]} Bf5 {[%emt 0:00:01]} 8. b3 {[%emt 0:00:03]} Ne4 {[%emt 0:00:02]} 9. Bb2 {[%emt 0:00:01]} Nxc3 {[%emt 0:00:01]} 10. Bxc3 {[%emt 0:00:00]} Be4 {[%emt 0:00:00]} 11. Re1 {[%emt 0:00:03]} a5 {[%emt 0:00:23]} 12. Qd2 {[%emt 0:00:01]} a4 {[%emt 0:00:07]} 13. h4 {[%emt 0:00:10]} Qb6 {[%emt 0:00:19]} 14. b4 {[%emt 0:00:06]} Qa6 {[%emt 0:00:04]} 15. c5 {[%emt 0:00:15]} Nd7 {[%emt 0:00:25]} 16. a3 {[%emt 0:00:02]} Nf6 {[%emt 0:00:18]} 17. Bf1 {[%emt 0:00:03]} Qa7 {[%emt 0:00:08]} 18. Ng5 {[%emt 0:00:03]} Bf5 {[%emt 0:00:12]} 19. e4 {[%emt 0:00:04]} Bd7 {[%emt 0:00:01]} 20. Bg2 {[%emt 0:00:08]} Rad8 {[%emt 0:00:08]} 21. Qb2 {[%emt 0:00:04]} h6 {[%emt 0:00:04]} 22. Nh3 {[%emt 0:00:02]} Nh5 {[%emt 0:00:09]} 23. Kh2 {[%emt 0:00:13]} Qb8 {[%emt 0:00:04]} 24. Bf3 {[%emt 0:00:04]} Qc8 {[%emt 0:00:03]} 25. Ng1 {[%emt 0:00:07]} Bg4 {[%emt 0:00:04]} 26. Bg2 {[%emt 0:00:07]} dxc5 {[%emt 0:00:11]} 27. bxc5 {[%emt 0:00:00]} Qd7 {[%emt 0:00:03]} 28. Rab1 {[%emt 0:00:02]} Bxd4 {[%emt 0:00:19]} 29. Bxd4 {[%emt 0:00:02]} Qxd4 {[%emt 0:00:01]} 30. Qxd4 {[%emt 0:00:01]} Rxd4 {[%emt 0:00:02]} 31. Rxb7 {[%emt 0:00:00]} Rd2 {[%emt 0:00:03]} 32. f3 {[%emt 0:00:11]} Be6 {[%emt 0:00:02]} 33. Re2 {[%emt 0:00:05]} Rfd8 {[%emt 0:00:04]} 34. Rb4 {[%emt 0:00:09]} Bb3 {[%emt 0:00:05]} 35. Rb6 {[%emt 0:00:16]} Rxe2 {[%emt 0:00:02]} 36. Nxe2 {[%emt 0:00:00]} Rd2 {[%emt 0:00:01]} 37. Nf4 {[%emt 0:00:01]} Nxf4 {[%emt 0:00:06]} 38. gxf4 {[%emt 0:00:00]} Bc4 {[%emt 0:00:02]} 39. Kg3 {[%emt 0:00:02]} Bb5 {[%emt 0:00:01]} 40. Bh3 {[%emt 0:00:02]} Rc2 {[%emt 0:00:11]} 41. f5 {[%emt 0:00:02]} gxf5 {[%emt 0:00:02]} 42. Bxf5 {[%emt 0:00:00]} Rxc5 {[%emt 0:00:01]} 43. Rb8+ {[%emt 0:00:05]} Kg7 {[%emt 0:00:01]} 44. Rb7 {[%emt 0:00:01]} Kf6 {[%emt 0:00:01]} 45. Bh7 {[%emt 0:00:07]} Rc3 {[%emt 0:00:06]} 46. Kf4 {[%emt 0:00:12]} e5+ {[%emt 0:00:03]} 47. Kg4 {[%emt 0:00:06]} Be2 {[%emt 0:00:05]} 48. Kh5 {[%emt 0:00:01]} Rxf3 {[%emt 0:00:06]} 49. Kxh6 {[%emt 0:00:01]} Rxa3 {[%emt 0:00:01]} 50. Bg8 {[%emt 0:00:07]} Bc4 {[%emt 0:00:03]} 51. Rc7 {[%emt 0:00:02]} Rg3 {[%emt 0:00:05]} 52. Rxc6+ {[%emt 0:00:09]} Be6 {[%emt 0:00:02]} 53. Bh7 {[%emt 0:00:01]} a3 {[%emt 0:00:01]} 54. Ra6 {[%emt 0:00:03]} Ke7 {[%emt 0:00:10]} 55. Bf5 {[%emt 0:00:10]} Bxf5 {[%emt 0:00:04]} 56. exf5 {[%emt 0:00:00]} e4 {[%emt 0:00:01]} 57. h5 {[%emt 0:00:01]} Rd3 {[%emt 0:00:05]} 58. f6+ {[%emt 0:00:03]} Kd7 {[%emt 0:00:02]} 59. Kg7 {[%emt 0:00:01]} e3 {[%emt 0:00:00]} 60. Ra7+ {[%emt 0:00:00]} Kd6 {[%emt 0:00:01]} 61. Ra8 {[%emt 0:00:02]} Kd7 {[%emt 0:00:02]} 62. Ra7+ {[%emt 0:00:01]} Kd6 {[%emt 0:00:01]} 63. Ra8 {[%emt 0:00:01]} e2 {[%emt 0:00:01]} 64. Rd8+ {[%emt 0:00:01]} Kc7 {[%emt 0:00:02]} 65. Rxd3 {[%emt 0:00:01]} e1=Q {[%emt 0:00:01]} 66. Rxa3 {[%emt 0:00:01]} Qh4 {[%emt 0:00:05]} 67. Ra7+ {[%emt 0:00:07]} Kd6 {[%emt 0:00:01]} 68. Rxf7 {[%emt 0:00:00]} Qg5+ {[%emt 0:00:04]} 69. Kf8 {[%emt 0:00:06]} Ke6 {[%emt 0:00:01]} 70. h6 {[%emt 0:00:05]} Qxh6+ {[%emt 0:00:04]} 71. Kg8 {[%emt 0:00:01]} Qg6+ {[%emt 0:00:02]} 72. Rg7 {[%emt 0:00:01]} Qxf6 {[%emt 0:00:02]} 73. Kh7 {[%emt 0:00:01]} Qh4+ {[%emt 0:00:01]} 74. Kg8 {[%emt 0:00:01]} Qh5 {[%emt 0:00:01]} 75. Rh7 {[%emt 0:00:08]} Qe8+ {[%emt 0:00:03]} 76. Kg7 {[%emt 0:00:00]} Kf5 {[%emt 0:00:02]} 77. Rh6 {[%emt 0:00:02]} Kg5 {[%emt 0:00:03]} 78. Rh7 {[%emt 0:00:11]} Qe7+ {[%emt 0:00:03]} 79. Kg8 {[%emt 0:00:01]} Qe6+ {[%emt 0:00:00]} 80. Kg7 {[%emt 0:00:04]} Qe8 {[%emt 0:00:01] NIKiler resigns (Lag: Av=0.66s, max=1.5s)} 0-1

[Event "Silkway Cup"]
[Site "T#646345FIDE"]
[Date "2020.05.28"]
[Round "11"]
[White "HasanzadeT"]
[Black "Nara_Kh"]
[Result "1-0"]
[WhiteElo "1821"]
[BlackElo "1722"]
[Annotator "NA"]
[PlyCount "85"]
[EventDate "2020.05.28"]
[EventType "swiss (blitz)"]

1. e4 {[%emt 0:00:05]} d6 {[%emt 0:00:02]} 2. d4 {[%emt 0:00:02]} Nf6 {[%emt 0:00:02]} 3. Nc3 {[%emt 0:00:01]} g6 {[%emt 0:00:01]} 4. h3 {[%emt 0:00:01]} c6 {[%emt 0:00:09]} 5. a4 {[%emt 0:00:04]} Bg7 {[%emt 0:00:03]} 6. Nf3 {[%emt 0:00:01]} Nbd7 {[%emt 0:00:03]} 7. a5 {[%emt 0:00:03]} e5 {[%emt 0:00:08]} 8. Be3 {[%emt 0:00:03]} O-O {[%emt 0:00:03]} 9. dxe5 {[%emt 0:00:04]} dxe5 {[%emt 0:00:02]} 10. Bc4 {[%emt 0:00:02]} Qe7 {[%emt 0:00:14]} 11. O-O {[%emt 0:00:13]} Nc5 {[%emt 0:00:36]} 12. Nd2 {[%emt 0:00:26]} Be6 {[%emt 0:00:19]} 13. b4 {[%emt 0:00:21]} Ncd7 {[%emt 0:00:14]} 14. Qb1 {[%emt 0:00:09]} a6 {[%emt 0:00:33]} 15. Rd1 {[%emt 0:00:04]} Rfd8 {[%emt 0:00:17]} 16. Qb3 {[%emt 0:00:04]} Bxc4 {[%emt 0:00:17]} 17. Nxc4 {[%emt 0:00:05]} Nf8 {[%emt 0:00:03]} 18. Bc5 {[%emt 0:00:07]} Qe6 {[%emt 0:00:05]} 19. Bb6 {[%emt 0:00:14]} Rd7 {[%emt 0:00:08]} 20. Re1 {[%emt 0:00:21]} Nh5 {[%emt 0:00:03]} 21. Na4 {[%emt 0:00:03]} Qe8 {[%emt 0:00:16]} 22. Nc5 {[%emt 0:00:13]} Re7 {[%emt 0:00:01]} 23. Rad1 {[%emt 0:00:05]} Ne6 {[%emt 0:00:02]} 24. Nd6 {[%emt 0:00:04]} Qb8 {[%emt 0:00:02]} 25. Nxe6 {[%emt 0:00:06]} Rxe6 {[%emt 0:00:03]} 26. Nxf7 {[%emt 0:00:18]} Kxf7 {[%emt 0:00:04]} 27. Rd7+ {[%emt 0:00:04]} Kf6 {[%emt 0:00:02]} 28. Qf3+ {[%emt 0:00:10]} Nf4 {[%emt 0:00:03]} 29. g3 {[%emt 0:00:01]} Qe8 {[%emt 0:00:02]} 30. Red1 {[%emt 0:00:02]} Re7 {[%emt 0:00:04]} 31. R7d6+ {[%emt 0:00:03]} Kf7 {[%emt 0:00:01]} 32. gxf4 {[%emt 0:00:02]} exf4 {[%emt 0:00:01]} 33. Qxf4+ {[%emt 0:00:02]} Kg8 {[%emt 0:00:00]} 34. Rd8 {[%emt 0:00:01]} Be5 {[%emt 0:00:08]} 35. Qg5 {[%emt 0:00:05]} Rxd8 {[%emt 0:00:02]} 36. Rxd8 {[%emt 0:00:02]} Kf7 {[%emt 0:00:02]} 37. Rxe8 {[%emt 0:00:02]} Rxe8 {[%emt 0:00:00]} 38. f4 {[%emt 0:00:02]} Bf6 {[%emt 0:00:01]} 39. Qg2 {[%emt 0:00:02]} Bc3 {[%emt 0:00:03]} 40. Bc5 {[%emt 0:00:02]} Rd8 {[%emt 0:00:01]} 41. Qe2 {[%emt 0:00:06]} Rd2 {[%emt 0:00:01]} 42. Qc4+ {[%emt 0:00:01]} Kg7 {[%emt 0:00:03]} 43. Qxc3+ {[%emt 0:00:00] Nara_Kh Ñäàåòñÿ} 1-0

[Event "Silkway Cup"]
[Site "T#646345FIDE"]
[Date "2020.05.28"]
[Round "11"]
[White "Powerstrong"]
[Black "Meri-Arabidze"]
[Result "0-1"]
[WhiteElo "1786"]
[BlackElo "1647"]
[Annotator "NA"]
[PlyCount "130"]
[EventDate "2020.05.28"]
[EventType "swiss (blitz)"]

1. e4 {[%emt 0:00:03]} c5 {[%emt 0:00:02]} 2. Nf3 {[%emt 0:00:03]} e6 {[%emt 0:00:01]} 3. d4 {[%emt 0:00:00]} cxd4 {[%emt 0:00:01]} 4. Nxd4 {[%emt 0:00:00]} Nc6 {[%emt 0:00:01]} 5. Nc3 {[%emt 0:00:02]} a6 {[%emt 0:00:02]} 6. g3 {[%emt 0:00:02]} d6 {[%emt 0:00:02]} 7. Bg2 {[%emt 0:00:02]} Bd7 {[%emt 0:00:01]} 8. O-O {[%emt 0:00:02]} Nf6 {[%emt 0:00:01]} 9. Kh1 {[%emt 0:00:08]} Nxd4 {[%emt 0:00:04]} 10. Qxd4 {[%emt 0:00:02]} Bc6 {[%emt 0:00:00]} 11. Bg5 {[%emt 0:00:30]} Be7 {[%emt 0:00:03]} 12. Rad1 {[%emt 0:00:38]} O-O {[%emt 0:00:05]} 13. h3 {[%emt 0:00:36]} Rc8 {[%emt 0:00:04]} 14. Qe3 {[%emt 0:00:01]} Qc7 {[%emt 0:00:06]} 15. Bf4 {[%emt 0:00:04]} Rfd8 {[%emt 0:00:08]} 16. g4 {[%emt 0:00:17]} b5 {[%emt 0:00:06]} 17. g5 {[%emt 0:00:25]} Nd7 {[%emt 0:00:07]} 18. h4 {[%emt 0:00:06]} b4 {[%emt 0:00:05]} 19. Nd5 {[%emt 0:00:02]} Bxd5 {[%emt 0:00:01]} 20. exd5 {[%emt 0:00:02]} e5 {[%emt 0:00:00]} 21. Bg3 {[%emt 0:00:06]} Qc5 {[%emt 0:00:33]} 22. Qxc5 {[%emt 0:00:14]} Rxc5 {[%emt 0:00:02]} 23. f4 {[%emt 0:00:01]} Rxc2 {[%emt 0:00:14]} 24. fxe5 {[%emt 0:00:16]} Nxe5 {[%emt 0:00:02]} 25. Bxe5 {[%emt 0:00:04]} dxe5 {[%emt 0:00:00]} 26. Rc1 {[%emt 0:00:03]} Rdc8 {[%emt 0:00:40]} 27. Rxc2 {[%emt 0:00:03]} Rxc2 {[%emt 0:00:01]} 28. d6 {[%emt 0:00:02]} Bxd6 {[%emt 0:00:02]} 29. Rd1 {[%emt 0:00:00]} Bf8 {[%emt 0:00:01]} 30. Rd7 {[%emt 0:00:02]} Rxb2 {[%emt 0:00:11]} 31. Bd5 {[%emt 0:00:01]} Rf2 {[%emt 0:00:01]} 32. Ra7 {[%emt 0:00:03]} Rf4 {[%emt 0:00:02]} 33. Kg2 {[%emt 0:00:01]} g6 {[%emt 0:00:03]} 34. Rxa6 {[%emt 0:00:02]} Bc5 {[%emt 0:00:01]} 35. Rc6 {[%emt 0:00:03]} Bd4 {[%emt 0:00:04]} 36. Rc8+ {[%emt 0:00:01]} Kg7 {[%emt 0:00:01]} 37. Rc7 {[%emt 0:00:01]} Bb2 {[%emt 0:00:10]} 38. Rb7 {[%emt 0:00:03]} Bc3 {[%emt 0:00:02]} 39. Rc7 {[%emt 0:00:01]} e4 {[%emt 0:00:04]} 40. Re7 {[%emt 0:00:01]} e3 {[%emt 0:00:05]} 41. Rxe3 {[%emt 0:00:01]} Rxh4 {[%emt 0:00:01]} 42. Re7 {[%emt 0:00:01]} Rg4+ {[%emt 0:00:04]} 43. Kf3 {[%emt 0:00:01]} Rxg5 {[%emt 0:00:00]} 44. Rxf7+ {[%emt 0:00:01]} Kh6 {[%emt 0:00:01]} 45. Kf4 {[%emt 0:00:02]} Rxd5 {[%emt 0:00:02]} 46. Ke4 {[%emt 0:00:01]} Re5+ {[%emt 0:00:01]} 47. Kf3 {[%emt 0:00:01]} Rf5+ {[%emt 0:00:01]} 48. Rxf5 {[%emt 0:00:03]} gxf5 {[%emt 0:00:00]} 49. Kf4 {[%emt 0:00:00]} Kg6 {[%emt 0:00:01]} 50. Kg3 {[%emt 0:00:01]} Kg5 {[%emt 0:00:01]} 51. Kh3 {[%emt 0:00:00]} h5 {[%emt 0:00:01]} 52. Kh2 {[%emt 0:00:00] Meri-Arabidze reconnected.} f4 {[%emt 0:00:00]} 53. Kg2 {[%emt 0:00:00]} Kg4 {[%emt 0:00:02]} 54. Kh2 {[%emt 0:00:02]} f3 {[%emt 0:00:01]} 55. Kh1 {[%emt 0:00:01]} Kg3 {[%emt 0:00:01]} 56. Kg1 {[%emt 0:00:01]} f2+ {[%emt 0:00:01]} 57. Kf1 {[%emt 0:00:01]} h4 {[%emt 0:00:01]} 58. a4 {[%emt 0:00:02]} bxa3 {[%emt 0:00:04]} 59. Ke2 {[%emt 0:00:00]} Kg2 {[%emt 0:00:01]} 60. Kd3 {[%emt 0:00:00]} f1=Q+ {[%emt 0:00:02]} 61. Kc2 {[%emt 0:00:00]} Bb2 {[%emt 0:00:02]} 62. Kb3 {[%emt 0:00:01]} Be5 {[%emt 0:00:03]} 63. Ka4 {[%emt 0:00:02]} Qb1 {[%emt 0:00:02]} 64. Ka5 {[%emt 0:00:01]} a2 {[%emt 0:00:01]} 65. Ka4 {[%emt 0:00:03]} a1=Q# {[%emt 0:00:02] (Lag: Av=1.62s, max=53.0s)} 0-1

[Event "Silkway Cup"]
[Site "T#646345FIDE"]
[Date "2020.05.28"]
[Round "11"]
[White "Skoffee"]
[Black "Belusi"]
[Result "0-1"]
[WhiteElo "1770"]
[BlackElo "2385"]
[PlyCount "154"]
[EventDate "2020.05.28"]
[EventType "swiss (blitz)"]

1. e4 {[%emt 0:00:29]} c6 {[%emt 0:00:02]} 2. d4 {[%emt 0:00:03]} d5 {[%emt 0:00:01]} 3. exd5 {[%emt 0:00:01]} cxd5 {[%emt 0:00:02]} 4. c4 {[%emt 0:00:01]} Nf6 {[%emt 0:00:02]} 5. Nc3 {[%emt 0:00:01]} Nc6 {[%emt 0:00:03]} 6. Nf3 {[%emt 0:00:01]} Bg4 {[%emt 0:00:03]} 7. cxd5 {[%emt 0:00:01]} Nxd5 {[%emt 0:00:01]} 8. Qb3 {[%emt 0:00:00]} Bxf3 {[%emt 0:00:05]} 9. gxf3 {[%emt 0:00:01]} Nxc3 {[%emt 0:00:05]} 10. Qxb7 {[%emt 0:00:03]} Nxd4 {[%emt 0:00:22]} 11. bxc3 {[%emt 0:00:11]} Nc2+ {[%emt 0:00:03]} 12. Ke2 {[%emt 0:00:01]} Rb8 {[%emt 0:00:17]} 13. Qc6+ {[%emt 0:00:16]} Qd7 {[%emt 0:00:02]} 14. Qxd7+ {[%emt 0:00:01]} Kxd7 {[%emt 0:00:02]} 15. Bh3+ {[%emt 0:00:01]} Kc6 {[%emt 0:00:11]} 16. Bf4 {[%emt 0:00:01]} e5 {[%emt 0:00:07]} 17. Rac1 {[%emt 0:00:12]} exf4 {[%emt 0:00:18]} 18. Rxc2 {[%emt 0:00:01]} Bc5 {[%emt 0:00:04]} 19. Rd1 {[%emt 0:00:03]} Rhe8+ {[%emt 0:00:06]} 20. Kf1 {[%emt 0:00:02]} Red8 {[%emt 0:00:09]} 21. Rcd2 {[%emt 0:00:01]} Rxd2 {[%emt 0:00:05]} 22. Rxd2 {[%emt 0:00:01]} g6 {[%emt 0:00:21]} 23. Bd7+ {[%emt 0:00:06]} Kc7 {[%emt 0:00:04]} 24. Ba4 {[%emt 0:00:01]} Rb1+ {[%emt 0:00:06]} 25. Ke2 {[%emt 0:00:01]} Bd6 {[%emt 0:00:05]} 26. Bb3 {[%emt 0:00:03]} Rh1 {[%emt 0:00:09]} 27. Bxf7 {[%emt 0:00:02]} Rxh2 {[%emt 0:00:01]} 28. Rd5 {[%emt 0:00:02]} Rh1 {[%emt 0:00:03]} 29. Ra5 {[%emt 0:00:03]} Kb6 {[%emt 0:00:02]} 30. Rd5 {[%emt 0:00:02]} Bc5 {[%emt 0:00:04]} 31. Rd7 {[%emt 0:00:12]} Rh2 {[%emt 0:00:03]} 32. Bd5 {[%emt 0:00:01]} Rxf2+ {[%emt 0:00:04]} 33. Kd3 {[%emt 0:00:01]} h5 {[%emt 0:00:08]} 34. Kc4 {[%emt 0:00:01]} Be3 {[%emt 0:00:18]} 35. Rb7+ {[%emt 0:00:01]} Ka6 {[%emt 0:00:03]} 36. Rb5 {[%emt 0:00:03]} Bb6 {[%emt 0:00:05]} 37. Be4 {[%emt 0:00:05]} Rxa2 {[%emt 0:00:05]} 38. Rg5 {[%emt 0:00:07]} h4 {[%emt 0:00:08]} 39. Bxg6 {[%emt 0:00:12]} Ra4+ {[%emt 0:00:03]} 40. Kb3 {[%emt 0:00:03]} Ra5 {[%emt 0:00:02]} 41. Bd3+ {[%emt 0:00:04]} Kb7 {[%emt 0:00:01]} 42. Be4+ {[%emt 0:00:01]} Kc7 {[%emt 0:00:01]} 43. Rg7+ {[%emt 0:00:01]} Kd6 {[%emt 0:00:01]} 44. Rh7 {[%emt 0:00:01]} Bf2 {[%emt 0:00:03]} 45. Rh6+ {[%emt 0:00:03]} Ke7 {[%emt 0:00:01]} 46. Kb4 {[%emt 0:00:02]} Ra1 {[%emt 0:00:02]} 47. c4 {[%emt 0:00:01]} a5+ {[%emt 0:00:04]} 48. Kb5 {[%emt 0:00:01]} a4 {[%emt 0:00:01]} 49. Rh7+ {[%emt 0:00:01]} Kf6 {[%emt 0:00:02]} 50. c5 {[%emt 0:00:02]} a3 {[%emt 0:00:02]} 51. c6 {[%emt 0:00:04]} a2 {[%emt 0:00:03]} 52. c7 {[%emt 0:00:06]} Rb1+ {[%emt 0:00:02]} 53. Kc6 {[%emt 0:00:14]} Rc1+ {[%emt 0:00:03]} 54. Kd7 {[%emt 0:00:09]} Rxc7+ {[%emt 0:00:03]} 55. Kxc7 {[%emt 0:00:01]} a1=Q {[%emt 0:00:00]} 56. Rh6+ {[%emt 0:00:03]} Ke5 {[%emt 0:00:02]} 57. Rh5+ {[%emt 0:00:01]} Kd4 {[%emt 0:00:01]} 58. Rh7 {[%emt 0:00:05]} Qa5+ {[%emt 0:00:05]} 59. Kd7 {[%emt 0:00:02]} Ke3 {[%emt 0:00:02]} 60. Ke6 {[%emt 0:00:03]} Bg3 {[%emt 0:00:03]} 61. Kf6 {[%emt 0:00:02]} Qb6+ {[%emt 0:00:01]} 62. Kg5 {[%emt 0:00:01]} Qc5+ {[%emt 0:00:01]} 63. Kg4 {[%emt 0:00:01]} Qc8+ {[%emt 0:00:01]} 64. Bf5 {[%emt 0:00:01]} Qc1 {[%emt 0:00:00]} 65. Be4 {[%emt 0:00:02]} Kf2 {[%emt 0:00:01]} 66. Rh5 {[%emt 0:00:03]} Qc3 {[%emt 0:00:01]} 67. Rh7 {[%emt 0:00:02]} Kg2 {[%emt 0:00:01]} 68. Bb7 {[%emt 0:00:05]} Qc5 {[%emt 0:00:03]} 69. Rh5 {[%emt 0:00:05]} Qe7 {[%emt 0:00:02]} 70. Be4 {[%emt 0:00:03]} Qd7+ {[%emt 0:00:01]} 71. Bf5 {[%emt 0:00:02]} Qg7+ {[%emt 0:00:01]} 72. Rg5 {[%emt 0:00:02]} Qc3 {[%emt 0:00:01]} 73. Rh5 {[%emt 0:00:22]} Qxf3+ {[%emt 0:00:02]} 74. Kg5 {[%emt 0:00:01]} Qd5 {[%emt 0:00:04]} 75. Kg6 {[%emt 0:00:04]} Qd6+ {[%emt 0:00:03]} 76. Kg5 {[%emt 0:00:01]} f3 {[%emt 0:00:01]} 77. Rh7 {[%emt 0:00:04]} Qf4+ {[%emt 0:00:03] Skoffee resigns (Lag: Av=0.45s, max=0.9s)} 0-1

[Event "Silkway Cup"]
[Site "T#646345FIDE"]
[Date "2020.05.28"]
[Round "11"]
[White "Nino2014"]
[Black "Gb_23"]
[Result "1-0"]
[WhiteElo "1760"]
[BlackElo "1764"]
[Annotator "NA"]
[PlyCount "85"]
[EventDate "2020.05.28"]
[EventType "swiss (blitz)"]

1. d4 {[%emt 0:00:03]} Nf6 {[%emt 0:00:01]} 2. Nf3 {[%emt 0:00:01]} e6 {[%emt 0:00:02]} 3. Bf4 {[%emt 0:00:01]} c5 {[%emt 0:00:03]} 4. e3 {[%emt 0:00:02]} b6 {[%emt 0:00:02]} 5. Nc3 {[%emt 0:00:02]} cxd4 {[%emt 0:00:10]} 6. Nb5 {[%emt 0:00:07]} d6 {[%emt 0:00:06]} 7. Qxd4 {[%emt 0:00:23]} Nd5 {[%emt 0:00:08]} 8. Bg5 {[%emt 0:00:35]} f6 {[%emt 0:00:05]} 9. Bh4 {[%emt 0:00:01]} a6 {[%emt 0:00:59]} 10. e4 {[%emt 0:00:07]} Nf4 {[%emt 0:00:46]} 11. Nc3 {[%emt 0:00:07]} Nc6 {[%emt 0:00:05]} 12. Qd2 {[%emt 0:00:02]} Ng6 {[%emt 0:00:27]} 13. Bg3 {[%emt 0:00:01]} Be7 {[%emt 0:00:02]} 14. O-O-O {[%emt 0:00:12]} Nge5 {[%emt 0:00:02]} 15. Nxe5 {[%emt 0:00:09]} fxe5 {[%emt 0:00:01]} 16. f4 {[%emt 0:00:23]} O-O {[%emt 0:00:02]} 17. Kb1 {[%emt 0:00:02]} exf4 {[%emt 0:00:12]} 18. Bxf4 {[%emt 0:00:00]} e5 {[%emt 0:00:01]} 19. Bc4+ {[%emt 0:00:02]} Kh8 {[%emt 0:00:02]} 20. Be3 {[%emt 0:00:03]} b5 {[%emt 0:00:01]} 21. Bd5 {[%emt 0:00:03]} Bb7 {[%emt 0:00:01]} 22. Rhf1 {[%emt 0:00:07]} Qc7 {[%emt 0:00:03]} 23. Qe2 {[%emt 0:00:25]} Rac8 {[%emt 0:00:06]} 24. Rxf8+ {[%emt 0:00:02]} Rxf8 {[%emt 0:00:03]} 25. Rf1 {[%emt 0:00:01]} Qd8 {[%emt 0:00:07]} 26. a3 {[%emt 0:00:09]} Rxf1+ {[%emt 0:00:08]} 27. Qxf1 {[%emt 0:00:00]} Bf6 {[%emt 0:00:01]} 28. Qf3 {[%emt 0:00:23]} Qc7 {[%emt 0:00:02]} 29. Qh5 {[%emt 0:00:05]} g6 {[%emt 0:00:03]} 30. Qh3 {[%emt 0:00:06]} Bc8 {[%emt 0:00:02]} 31. Qf3 {[%emt 0:00:01]} Bg7 {[%emt 0:00:01]} 32. h4 {[%emt 0:00:06]} Nd4 {[%emt 0:00:01]} 33. Qf2 {[%emt 0:00:09]} Qe7 {[%emt 0:00:02]} 34. Bg5 {[%emt 0:00:01]} Qf8 {[%emt 0:00:01]} 35. Qxf8+ {[%emt 0:00:03]} Bxf8 {[%emt 0:00:00]} 36. Bf6+ {[%emt 0:00:01]} Bg7 {[%emt 0:00:01]} 37. Be7 {[%emt 0:00:00]} Bg4 {[%emt 0:00:08]} 38. Bxd6 {[%emt 0:00:01]} Bf6 {[%emt 0:00:01]} 39. Bb7 {[%emt 0:00:03]} a5 {[%emt 0:00:02]} 40. b4 {[%emt 0:00:03]} axb4 {[%emt 0:00:01]} 41. axb4 {[%emt 0:00:00]} Bxh4 {[%emt 0:00:01]} 42. Bxe5+ {[%emt 0:00:02]} Kg8 {[%emt 0:00:01]} 43. Bxd4 {[%emt 0:00:01] Gb_23 resigns (Lag: Av=1.06s, max=1.6s)} 1-0

[Event "Silkway Cup"]
[Site "T#646345FIDE"]
[Date "2020.05.28"]
[Round "11"]
[White "Ulka96"]
[Black "luka oboladze"]
[Result "1-0"]
[WhiteElo "1736"]
[BlackElo "2277"]
[Annotator "NA"]
[PlyCount "101"]
[EventDate "2020.05.28"]
[EventType "swiss (blitz)"]

1. b3 {[%emt 0:00:02]} e5 {[%emt 0:00:04]} 2. Bb2 {[%emt 0:00:01]} Nc6 {[%emt 0:00:01]} 3. g3 {[%emt 0:00:01]} d5 {[%emt 0:00:02]} 4. Bg2 {[%emt 0:00:00]} Be6 {[%emt 0:00:06]} 5. e3 {[%emt 0:00:01]} h5 {[%emt 0:00:03]} 6. Ne2 {[%emt 0:00:22]} h4 {[%emt 0:00:02]} 7. f4 {[%emt 0:00:01]} h3 {[%emt 0:00:08]} 8. Bf1 {[%emt 0:00:07]} f6 {[%emt 0:00:20]} 9. d4 {[%emt 0:00:25]} e4 {[%emt 0:00:31]} 10. Qd2 {[%emt 0:00:37]} Nh6 {[%emt 0:00:10]} 11. Nbc3 {[%emt 0:00:03]} Ng4 {[%emt 0:00:21]} 12. Ng1 {[%emt 0:00:01]} Qd7 {[%emt 0:00:13]} 13. Bxh3 {[%emt 0:00:12]} O-O-O {[%emt 0:00:05]} 14. Bxg4 {[%emt 0:00:06]} Bxg4 {[%emt 0:00:02]} 15. Nce2 {[%emt 0:00:12]} Bb4 {[%emt 0:00:17]} 16. c3 {[%emt 0:00:03]} Bd6 {[%emt 0:00:04]} 17. O-O-O {[%emt 0:00:08]} g5 {[%emt 0:00:11]} 18. Rf1 {[%emt 0:00:03]} Rh6 {[%emt 0:00:05]} 19. h3 {[%emt 0:00:22]} Bxh3 {[%emt 0:00:22]} 20. Rf2 {[%emt 0:00:01]} g4 {[%emt 0:00:03]} 21. Rfh2 {[%emt 0:00:04]} Rdh8 {[%emt 0:00:01]} 22. c4 {[%emt 0:00:07]} Nb4 {[%emt 0:00:04]} 23. Kb1 {[%emt 0:00:03]} Nd3 {[%emt 0:00:01]} 24. cxd5 {[%emt 0:00:14]} Bb4 {[%emt 0:00:08]} 25. Bc3 {[%emt 0:00:05]} Ba3 {[%emt 0:00:01]} 26. Nxh3 {[%emt 0:00:14]} gxh3 {[%emt 0:00:01]} 27. Ng1 {[%emt 0:00:01]} b5 {[%emt 0:00:09]} 28. Qe2 {[%emt 0:00:08]} b4 {[%emt 0:00:01]} 29. Bd2 {[%emt 0:00:01]} a5 {[%emt 0:00:04]} 30. g4 {[%emt 0:00:01]} Qxd5 {[%emt 0:00:02]} 31. Rxh3 {[%emt 0:00:01]} Rxh3 {[%emt 0:00:03]} 32. Rxh3 {[%emt 0:00:01]} Re8 {[%emt 0:00:06]} 33. Rh5 {[%emt 0:00:02]} Qc6 {[%emt 0:00:01]} 34. g5 {[%emt 0:00:01]} fxg5 {[%emt 0:00:04]} 35. fxg5 {[%emt 0:00:01]} a4 {[%emt 0:00:00]} 36. Nh3 {[%emt 0:00:04]} axb3 {[%emt 0:00:01]} 37. axb3 {[%emt 0:00:01]} Qd5 {[%emt 0:00:01]} 38. Qd1 {[%emt 0:00:02]} Qa5 {[%emt 0:00:04]} 39. Nf4 {[%emt 0:00:10]} Nxf4 {[%emt 0:00:02]} 40. exf4 {[%emt 0:00:01]} e3 {[%emt 0:00:01]} 41. Be1 {[%emt 0:00:03]} Qf5+ {[%emt 0:00:02]} 42. Qc2 {[%emt 0:00:01]} Qg4 {[%emt 0:00:01]} 43. Rh7 {[%emt 0:00:01]} Qxf4 {[%emt 0:00:10]} 44. g6 {[%emt 0:00:01]} e2 {[%emt 0:00:02]} 45. g7 {[%emt 0:00:02]} Rg8 {[%emt 0:00:02]} 46. Rh8 {[%emt 0:00:01]} Qf7 {[%emt 0:00:01]} 47. Rxg8+ {[%emt 0:00:01]} Qxg8 {[%emt 0:00:00]} 48. Qf5+ {[%emt 0:00:01]} Kb8 {[%emt 0:00:01]} 49. Qb5+ {[%emt 0:00:01]} Kc8 {[%emt 0:00:01]} 50. Qf5+ {[%emt 0:00:01]} Kb8 {[%emt 0:00:01]} 51. Qf8+ {[%emt 0:00:01] luka oboladze resigns (Lag: Av=0.70s, max=1.8s)} 1-0

[Event "Silkway Cup"]
[Site "T#646345FIDE"]
[Date "2020.05.28"]
[Round "11"]
[White "Elene tsotsonava"]
[Black "KTsa"]
[Result "0-1"]
[WhiteElo "1728"]
[BlackElo "1660"]
[Annotator "NA"]
[PlyCount "58"]
[EventDate "2020.05.28"]
[EventType "swiss (blitz)"]

1. e4 {[%emt 0:00:01]} c5 {[%emt 0:00:02]} 2. Nf3 {[%emt 0:00:01]} d6 {[%emt 0:00:01]} 3. d4 {[%emt 0:00:00]} cxd4 {[%emt 0:00:00]} 4. Nxd4 {[%emt 0:00:00]} Nf6 {[%emt 0:00:01]} 5. Nc3 {[%emt 0:00:00]} a6 {[%emt 0:00:01]} 6. Bg5 {[%emt 0:00:01]} e6 {[%emt 0:00:08]} 7. f4 {[%emt 0:00:02]} Qb6 {[%emt 0:00:23]} 8. Qd2 {[%emt 0:00:01]} Nc6 {[%emt 0:00:08]} 9. Nb3 {[%emt 0:00:11]} Ng4 {[%emt 0:00:08]} 10. f5 {[%emt 0:01:52]} Be7 {[%emt 0:00:43]} 11. O-O-O {[%emt 0:00:36]} Bxg5 {[%emt 0:01:07]} 12. Qxg5 {[%emt 0:00:00]} Nf2 {[%emt 0:00:01]} 13. Rxd6 {[%emt 0:00:17]} Nxh1 {[%emt 0:00:17]} 14. Qxg7 {[%emt 0:00:02]} Qe3+ {[%emt 0:00:07]} 15. Kb1 {[%emt 0:00:05]} Rf8 {[%emt 0:00:04]} 16. Bc4 {[%emt 0:00:15]} Qf4 {[%emt 0:00:18]} 17. Rd1 {[%emt 0:00:04]} Nf2 {[%emt 0:00:02]} 18. Rf1 {[%emt 0:00:03]} Qe3 {[%emt 0:00:05]} 19. fxe6 {[%emt 0:00:04]} Bxe6 {[%emt 0:00:01]} 20. Bxe6 {[%emt 0:00:01]} fxe6 {[%emt 0:00:00]} 21. Qxh7 {[%emt 0:00:01]} O-O-O {[%emt 0:00:01]} 22. Qh4 {[%emt 0:00:02]} Ng4 {[%emt 0:00:03]} 23. Rc1 {[%emt 0:00:02]} Nge5 {[%emt 0:00:02]} 24. Qh3 {[%emt 0:00:03]} Qxh3 {[%emt 0:00:01]} 25. gxh3 {[%emt 0:00:00]} Nc4 {[%emt 0:00:00]} 26. Nd4 {[%emt 0:00:02]} Nxd4 {[%emt 0:00:01]} 27. b3 {[%emt 0:00:01]} Ne3 {[%emt 0:00:01]} 28. Kb2 {[%emt 0:00:01]} Ndxc2 {[%emt 0:00:01]} 29. Ne2 {[%emt 0:00:02]} Rf2 {[%emt 0:00:02] Elene tsotsonava resigns (Lag: Av=0.57s, max=1.0s)} 0-1